ბათუმის შოთა რუსთაველის სახელმწიფო უნივერსიტეტის ბიბლიოთეკა

ბაქარიანი (ბიბ.ჩანაწერი № 43562)

000 -LEADER
fixed length control field 00792nam a2200241Ia 4500
001 - CONTROL NUMBER
control field 10294
003 - CONTROL NUMBER IDENTIFIER
control field GE_BSU
008 - FIXED-LENGTH DATA ELEMENTS--GENERAL INFORMATION
fixed length control field 181216s||||||||xx |||||||||||||| ||und||
040 ## - CATALOGING SOURCE
Transcribing agency GE_BSU
080 ## - UNIVERSAL DECIMAL CLASSIFICATION NUMBER
Universal Decimal Classification number 821.353.1-11
100 ## - MAIN ENTRY--PERSONAL NAME
Personal name ტლაშაძე,იესე
245 ## - TITLE STATEMENT
Title ბაქარიანი
245 ## - TITLE STATEMENT
Remainder of title პოემა
245 ## - TITLE STATEMENT
Statement of responsibility, etc. გამოსაც.მოამზადა ს.ყუბანეიშვილმა,რედ.ა.ბარამიძე
260 ## - PUBLICATION, DISTRIBUTION, ETC.
Place of publication, distribution, etc. თბილისი
260 ## - PUBLICATION, DISTRIBUTION, ETC.
Name of publisher, distributor, etc. საქ.სსრ.მეცნ.აკად.გამ.ბა
260 ## - PUBLICATION, DISTRIBUTION, ETC.
Date of publication, distribution, etc. 1962
300 ## - PHYSICAL DESCRIPTION
Extent 75გვ.22სმ.
520 ## - SUMMARY, ETC.
Summary, etc. გარეკანზე 1963 წ.
653 ## - INDEX TERM--UNCONTROLLED
Uncontrolled term ბაქარიანი
653 ## - INDEX TERM--UNCONTROLLED
Uncontrolled term პოემა
942 ## - ADDED ENTRY ELEMENTS (KOHA)
Koha item type წიგნი
ეგზემპლარები
Withdrawn status Lost status Damaged status Not for loan Date acquired Barcode Date last seen Price effective from Koha item type
        2018-12-17 33866 2018-12-17 2018-12-17 წიგნი
        2018-12-17 33867 2018-12-17 2018-12-17 წიგნი